Biggest Asian "P" Cities by Picture - Statistics

General Stats
  • This quiz has been taken 80 times
  • The average score is 4 of 16
Answer Stats
Picture Hint Answer % Correct
🇰🇵 2,520,000 P'yŏngyang
95%
🇰🇭 2,190,000 Phnom Penh
76%
🇮🇳 5,060,000 Pune
69%
🇵🇰 1,970,000 Peshāwar
49%
🇮🇳 2,050,000 Patna
41%
🇮🇩 1,440,000 Palembang
32%
🇮🇩 800,000 Padang
16%
🇮🇩 880,000 Pekanbaru
16%
🇨🇳 1,050,000 Píngdǐngshān
14%
🇨🇳 1,540,000 Pútián
12%
🇨🇳 980,000 Pánjǐn
5%
🇨🇳 850,000 Pīzhōu
5%
🇨🇳 940,000 Pǔníng
4%
🇨🇳 820,000 Púyáng
4%
🇮🇳 1,210,000 Prayāgrāj
3%
🇨🇳 730,000 Píngxiāng
0%
No matching quizzes found
Score Distribution
Percent of People with Each Score
Percentile by Number Answered
Your Score History
You have not taken this quiz